00472nam a2200145Ia 4500008004100000041000800041082001400049100001700063245004100080250001400121260003600135300003300171999001700204952010500221240624s9999 xx 000 0 und d aeng a658.5 URB aURBAN GLEN L aDESIGN AND MARKETING OF NEW PRODUCTS a(2nd ed.) c1993aNew JerseybPrentice Hall axxvii, : 701 : p. : cm. ; 20 c14082d14082 00144070aIMTNbIMTNcRack 34-Bd2009-11-25o658.5 URBp14082r2024-06-24 00:00:00w2024-06-24yBK